| 000 -LEADER |
| fixed length control field |
00663nam a22002057a 4500 |
| 008 - FIXED-LENGTH DATA ELEMENTS--GENERAL INFORMATION |
| fixed length control field |
150522b xxu||||| |||| 00| 0 eng d |
| 020 ## - INTERNATIONAL STANDARD BOOK NUMBER |
| International Standard Book Number |
9280810952 (pbk.) |
| 041 0# - LANGUAGE CODE |
| Language code of text/sound track or separate title |
eng |
| 080 ## - UNIVERSAL DECIMAL CLASSIFICATION NUMBER |
| Universal Decimal Classification number |
342.3 |
| 245 00 - TITLE STATEMENT |
| Title |
Emerging forces in environmental governance / |
| Statement of responsibility, etc |
edited by Norichika Kanie and Peter M. Haas. |
| 260 ## - |
| -- |
Tokyo ; |
| -- |
New York : |
| -- |
United Nations University Press, |
| -- |
c2004. |
| 300 ## - |
| -- |
295 f |
| -- |
24 cm. |
| 505 ## - |
| -- |
Index:f. 290-295 |
| 650 ## - |
| -- |
Politika Mjedisore |
| -- |
Bashkëpunimi ndërkombëtar. |
| 650 ## - |
| -- |
Ambientalizmi |
| 650 ## - |
| -- |
Zhvillimi i qëndrueshëm |
| 700 1# - |
| -- |
Kanie, Norichika, |
| -- |
1969- |
| 700 1# - |
| -- |
Haas, Peter M. |
| 942 ## - ADDED ENTRY ELEMENTS (KOHA) |
| Source of classification or shelving scheme |
|
| Item type |
Books |